000 00696nam a22002297a 4500
003 UA-OsUOA
001 58428
007 ta
008 20090210b un ||||| |||| 00| 0 ukr d
100 _aНаціональна спілка письменників України
700 _aКиївська організація НСПУ
090 _a82
_bН35
942 _cSA
040 _aUA-OsUOA
_bukr
_cUA-OsUOA
_dUA-OsUOA
245 _aБіль непоправної втрати. /ПРо Загребельного П.
300 _aС.1
955 _a0
041 _aukr
080 _a82
773 0 _w58427
650 7 _a82 Література. Літературознавство
_2UDC
999 _c344502
_d344502